Miniusinas de álcool: uma solução para você (Registro n. 298548)
[ somente texto ]
| 000 -LÍDER | |
|---|---|
| fixed length control field | 01081nab a2200325 4500 |
| 003 - CÓDIGO MARC DA AGÊNCIA CATALOGADORA | |
| Campo de controle | BR-BrBNA |
| 005 - DATA E HORA DA ÚLTIMA ATUALIZAÇÃO | |
| Campo de controle | 20240221113653.0 |
| 008 - CAMPO DE TAMANHO FIXO | |
| fixed length control field | 240221b bl.||||| |||| 00| 0 por d |
| 040 ## - FONTE DA CATALOGAÇÃO | |
| Agência catalogadora | BR-BrBNA |
| Idioma da catalogação | por |
| 072 ## - CATEGORIA AGRIS | |
| Código AGRIS | N10 ; P05 ; P06 |
| Código do objeto | 4690 |
| 100 ## - ENTRADA PRINCIPAL - NOME PESSOAL | |
| Nome pessoal | Nucci, Tânia A. de |
| 245 ## - TÍTULO PRINCIPAL | |
| Título principal | Miniusinas de álcool: uma solução para você |
| 500 ## - NOTA GERAL | |
| Nota geral | 5 illus. |
| 942 ## - ADDED ENTRY ELEMENTS (KOHA) | |
| Koha item type | |
| 650 ## - ASSUNTO - THESAGRO | |
| Cabeçalho tópico ou nome geográfico | USINA |
| 650 ## - ASSUNTO - THESAGRO | |
| Cabeçalho tópico ou nome geográfico | ÁLCOOL |
| 650 ## - ASSUNTO - THESAGRO | |
| Cabeçalho tópico ou nome geográfico | ETANOL |
| 650 ## - ASSUNTO - THESAGRO | |
| Cabeçalho tópico ou nome geográfico | PRODUÇÃO VEGETAL |
| 650 ## - ASSUNTO - THESAGRO | |
| Cabeçalho tópico ou nome geográfico | CULTURA ENERGÉTICA |
| 650 ## - ASSUNTO - THESAGRO | |
| Cabeçalho tópico ou nome geográfico | CANA DE AÇÚCAR |
| 650 ## - ASSUNTO - THESAGRO | |
| Cabeçalho tópico ou nome geográfico | EQUIPAMENTO |
| 650 ## - ASSUNTO - THESAGRO | |
| Cabeçalho tópico ou nome geográfico | CALDEIRA |
| 650 ## - ASSUNTO - THESAGRO | |
| Cabeçalho tópico ou nome geográfico | MOENDA |
| 650 ## - ASSUNTO - THESAGRO | |
| Cabeçalho tópico ou nome geográfico | TANQUE |
| 650 ## - ASSUNTO - THESAGRO | |
| Cabeçalho tópico ou nome geográfico | BOMBA D'ÁGUA |
| 650 ## - ASSUNTO - THESAGRO | |
| Cabeçalho tópico ou nome geográfico | REFRIGERAÇÃO |
| 650 ## - ASSUNTO - THESAGRO | |
| Cabeçalho tópico ou nome geográfico | ARMAZENAMENTO |
| 773 0# - ENTRADA ANALÍTICA | |
| Host Biblionumber | 1330 |
| Registro do item | 275223 |
| Imprenta | Campinas-SP Coordenadoria de Assistência Técnica Integral - CATI - Centro de Comunicação Rural e Treinamento - CECORT 1979. Data final de publicação em 1990 |
| Outro identificador | 2023-437031 |
| Título | Casa da Agricultura (Brazil) |
| ISSN | 0100-6541 |
| Colação | v. 2(2) p. 18-22 (Mar-Apr 1980) |
| Número de controle de registro | BR2023002401 |
Nenhum exemplar disponível.

BINAGRI